Statistics for Chocolate Brand by Country

Click here to take the quiz!

General Stats

  • This quiz has been taken 887 times
    (855 since last reset)
  • The average score is 7 of 15

Answer Stats

HintAnswer% Correct
HersheysUSA
76%
CadburyUK
75%
TobleroneSwitzerland
64%
LindtSwitzerland
63%
Ferrero RocherItaly
54%
Ritter SportGermany
49%
MilkaSwitzerland
49%
DoveUSA
49%
AeroUK
42%
GodivaBelgium
41%
BaciItaly
34%
Cote d'OrBelgium
32%
MarabouSweden
11%
FazerFinland
9%
KinderItaly
2%

Score Distribution

Percentile by Number Answered

Percent of People with Each Score

Your Score History

You have not taken this quiz since the last reset